00365nam a22001097a 4500020000800000040001600008082001500024100002400039245009000063260005900153300004300212 qPB. cFIZZA ISHAQ a624.1bTAW aTawil , Sherif El. aRecommendations for Seismic Design of Hybrid Coupled Wall Systems /cSherif El-Tawil. aNew York:bAmerican Society of Civil Engineers,c2010. a70 p. ;c ‎ 5.5 x 0.25 x 8.75 inches